An investigation into grammatical errors in speaking performance of 10th grade student’s at Phan Chau Trinh hinh school /

में बचाया:
ग्रंथसूची विवरण
मुख्य लेखक: Doãn Hải Quỳnh
स्वरूप: अज्ञात
भाषा:English
प्रकाशित: 2011.
विषय:
टैग : टैग जोड़ें
कोई टैग नहीं, इस रिकॉर्ड को टैग करने वाले पहले व्यक्ति बनें!
Thư viện lưu trữ: Mạng thư viện Đại học Đà Nẵng
LEADER 01249na a2200325 4500
001 000032018
003 7971
005 20230225095313.0
008 151001s2011 000 eng
040 |a LNN 
041 |a eng 
082 |a 420.4  |b DO-Q 
100 |a Doãn Hải Quỳnh 
245 3 |a An investigation into grammatical errors in speaking performance of 10th grade student’s at Phan Chau Trinh hinh school /  |c Doãn Hải Quỳnh. 
260 |c 2011. 
300 |a 62tr. : mh ; 30cm. 
650 |a An investigation into grammatical errors in speaking performance of 10th grade student’s at Phan Chau Trinh hinh school, 2011, language, grammar 
852 |c Luận văn sinh viên 
OWN |a LNN 
AVA |a UDN50  |b LNN  |c English  |d 420.4 DO-Q  |e available  |t Error 5001 Not defined in file expand_doc_bib_avail.  |f 1  |g 0  |h N  |i 0  |j AN  |k 1 
999 |a From the UDN01 
AVA |a UDN50  |b LNN  |c English  |d 420.4 DO-Q  |e available  |t Error 5001 Not defined in file expand_doc_bib_avail.  |f 1  |g 0  |h N  |i 0  |j AN  |k 1 
TYP |a Printed language 
980 |a Mạng thư viện Đại học Đà Nẵng